MDQL
is popping MORE tags! Check the
thread
!
Quizzes
Events
Quiz Creation
Community
Videos
Private Events
Remove Ads
Sign In
Join for FREE
Feedback
Dark Mode
Quiz Categories
Sports
Geography
Music
Movies
Television
Just For Fun
Miscellaneous
History
Literature
Language
Science
Gaming
Entertainment
Religion
Holiday
For Kids
Quiz Lab
Recent
Popular Today
Quiz Kudos Today
Editor Picks
Curator Picks
Quizzes by...
Day
Popularity
Type
Ratings
Length
Year
Community
Subscriptions
Recent Discussions
Orange Saloon
Badges
Playlists
Quests
Create
Leaderboards
Showdown
Live 5
Trivia Bingo
Activity
Puzzle Library
Sporcle Events
Private Events
Virtual Trivia
Globe League
Become a Host
Pub Owners
SporcleCon
Opinionation
Our Games
Videos
Blog
Mobile Apps
Partnerships
Remove Ads and Go Orange
Feedback
Holiday
Halloween
Christmas
Holiday Songs
April Fools'
Thanksgiving
Valentine's Day
Easter
St Patrick's Day
National Holiday
Religious Holiday
Holiday
Halloween
Christmas
Holiday Songs
April Fools'
Thanksgiving
Valentine's Day
Easter
St Patrick's Day
National Holiday
Religious Holiday
Random Quiz
Search Sporcle
×
Quiz Lab
Quiz Lab
Holiday
Christmas
Type in answers that appear in a list
Type in answers that appear in a list
Classic
Best Score? Go Orange.
Christmas Movies By Taglines Stats
Can you name the Christmas Movies By Taglines?
By
hawkeye26
5m
20 Questions
1,258 Plays
1,258 Plays
1,258 Plays
Comments
Comments
Give Quiz Kudos
Give Quiz Kudos
-
- Ratings
hide this ad
Replay
Link that replays current quiz
Next Quiz
Link to next quiz in quiz playlist
You Got
0%
They Got
Avg Score
30%
Avg Friend Score
Upgrade to see
Score Distribution
Jump to the score distribution portion of the page
Score
0/20
Timer
05:00
0
Plays Today
Tagline
Movie Title
% Correct
A Family Comedy Without The Family
Home Alone
77.2%
Experience The Miracle
Miracle On 34th Street
58.2%
This Holiday, Discover Your Inner (title)
Elf
47.3%
He's Very Naughty And Not Very Nice
Bad Santa
46%
The Ultimate Romantic Comedy
Love Actually
43.8%
Two Dads, One Toy, No Prisoners
Jingle All The Way
38.8%
Their Making Memories Tonight
Its A Wonderful Life
35.1%
Santas Brother Is Coming To Town
Fred Claus
32.9%
This Christmas, The Snow Hits The Fan
The Santa Clause
32.9%
Yule Crack Up
Christmas Vacation
29.9%
Tagline
Movie Title
% Correct
Journey Beyond Imagination
The Polar Express
29%
His Father, Her Mother, His Mother And Her Father All In One Day
Four Christmases
28.6%
Inside A Snowflake Like The One On Your Sleeve, There Happened A Story You Must See To Believe
How The Grinch Stole Christmas
27.8%
Their Christmas Will Turn The Town Upside Down
Christmas With The Kranks
21.5%
A Tribute To The Original, Traditional, One-
Hundred Percent, Red-
Blooded, Two-
Fisted, All American Christmas
A Christmas Story
21.5%
There Glows The Neighborhood
Deck The Halls
16.6%
Rediscover The Joy Of Christmas
A Christmas Carol
14.6%
They Lost The True Spirit Of Christmas... And Found It Locked In The Heart Of One Little Girl
Prancer
8.1%
A Holiday Comedy Like No Other
Ernest Saves Christmas
4.8%
They Needed Help. What They Got Was A Miracle
The Preachers Wife
3.4%
Quiz Playlist
Details
Report
Send in Message
Add To Playlist
Classic:
Type in answers that appear in a list
Last Updated: Feb 16, 2017
Quiz Scoreboard
CHALLENGE
Sign Up to Join the Scoreboard
Show All
Scores
Hide
Comments
May contain spoilers
Recently Published
Two Season TV Shows II
by 123Four
Television
10m
Image Sorting: Flags VI
by Barbecue
Geography
2m
Find the 'City' Movie
by crazypaving
Movies
60s
More to Explore
Quiz From the Vault
Featured Blog Post
14 Easter Pick-up Lines to Find Eggs With
hide this ad
You Might Also Like...
Tags
Christmas Quiz
Movie Titles Quiz
Nintendo Quiz
Religious Holiday Quiz
Released
Taglines
Today's Top Quizzes in Holiday
Browse Holiday
hide this ad
Today's Top Quizzes in Christmas
Browse Christmas
Top Contributed Quizzes in Holiday
1
Pick the Easter Eggs hidden in the Garden
2
Picture Click Blitz: Easter
3
5-to-1: Holiday Songs
4
April Fools' Zebra Puzzle
5
5-to-1: Thanksgiving
6
Easter Teddy Bears
7
Draw a Badge: Hey, It's Leap Day
8
Easter - Did You Know?
9
New Year’s Party Puzzle
10
Click the Cartoon Easter Bunny
Explore More
Trending Topics
Anime
Crossword
Kpop
Marvel
Disney
NBA
Harry Potter
Pokémon
The Office
WWE
Soccer
Puzzle
Song
Country
NFL
hide this ad
More By:
hawkeye26
Quiz
Plays
Rating
Category
Featured
Created
Mixed Word: Looney Tunes
39,377
4.25
Just For Fun
Mar 9, 2011
Mixed Word: Reality TV
26,335
4.12
Just For Fun
Mar 16, 2011
Profile: Oprah Winfrey
11,604
3.64
Television
May 23, 2011
Duggar Family Blitz
1,447
3.00
Television
Oct 13, 2011
Modern Family Blitz
1,333
3.67
Television
Jun 27, 2011
Go to Creator's Profile
Score Distribution
Quiz Creator Spotlight
hawkeye26
Follow
Send a Message
Quizzes Created
-
Created Quiz Play Count
-
More By This Creator
Popular Quizzes Today
1
Find the US States - No Outlines Minefield
2
Colored Red Africa Blitz
3
Find the 'City' Movie
4
5x2 Blitz: Bands
5
The Countries of the World
6
Find the Countries of Europe - No Outlines Minefield
7
Find the US States
8
US States
More Holiday Quizzes
St. Patrick's Day Zebra Puzzle
Editor's Pick
Trending Quizzes
Colored Red Europe Blitz I
Colored Red Africa Blitz II
Colored Red Europe Blitz II
Colored Red Europe Blitz III
Colored Red Africa Blitz III
Recently Updated
How Do You Spell That?
pecheneg
Godzilla Movies
pecheneg
Grab Bag: 4-10 Letters
pecheneg
2024 March Madness Bracket
pecheneg
Famous TV Couples
Peacemaker
Champions League XIs: Real Madrid
pecheneg
Largest US Cities 1790-2010
pecheneg
Rides in Walt Disney World
pecheneg
Most Oscar Losses (Acting)
pecheneg
Beyoncé Albums
pecheneg
Trending Topics
Kpop
Disney
NBA
Crossword
Anime
Marvel
Harry Potter
Pokémon
The Office
Song
NFL
Country
WWE
Puzzle
Soccer
Your Account Isn't Verified!
In order to create a playlist on Sporcle, you need to verify the email address you used during registration. Go to your
Sporcle Settings
to finish the process.
Report this User
Report this user for behavior that violates our
Community Guidelines
.
Details:
Send Report
Go to the Sporcle.com Mobile Site →
Comments